Vplyv klimatickej zmeny na extrémne úhrny zrážok v oblasti Malých Karpát

Gespeichert in:
Bibliographische Detailangaben
1. Verfasser: Havlík, Martin (Verfasst von)
Weitere Verfasser: Kohnová, Silvia (Betreuung Doktorarbeit)
Format: Manuskript Buch
Sprache:Slowakisch
Veröffentlicht: 2021
Schlagworte:
Online-Zugang:http://is.stuba.sk/zp/portal_zp.pl?podrobnosti=149799
https://opac.crzp.sk/?fn=detailBiblioForm&sid=9F4BAE23A344452BBD8A41F49028
Tags: Tag hinzufügen
Keine Tags, Fügen Sie das erste Tag hinzu!

MARC

LEADER 00000ntm a22000003a 4500
001 stuzp82692
003 SK-STU
005 20230512105655.3
007 ta
008 150427s2015----xo-----f-mn---000-0-slo-d
040 |a STU  |b slo 
041 0 |a slo 
100 1 |a Havlík, Martin  |u 010160  |4 aut  |U SvF Stavebná fakulta  |T SvF Katedra vodného hospodárstva krajiny  |X 85407  |U V160  |Y 16  |7 85407 
242 0 1 |a Climate change impact on extreme rainfall in Little Carpathians region  |y eng 
245 1 0 |a Vplyv klimatickej zmeny na extrémne úhrny zrážok v oblasti Malých Karpát 
260 |c 2021 
650 4 |a úhrny zrážok  |2 slo 
650 4 |a návrhové hodnoty intenzít dažďov  |2 slo 
650 4 |a Extrémne odtoky  |2 slo 
650 4 |a zmena sezónnosti úhrnových dažďov  |2 slo 
650 4 |a klimatické zmeny  |2 slo 
650 4 |a Extreme runoff  |2 eng 
650 4 |a climate change  |2 eng 
650 4 |a design values of rainfall intensities  |2 eng 
650 4 |a total precipitation  |2 eng 
650 4 |a change in seasonality of total rainfall  |2 eng 
700 1 |a Kohnová, Silvia  |u 010160  |k Z1  |4 ths  |U SvF Stavebná fakulta  |T SvF Katedra vodného hospodárstva krajiny  |X 2746  |U V160  |Y 16  |7 A000002746 
856 4 |u http://is.stuba.sk/zp/portal_zp.pl?podrobnosti=149799 
856 4 |u https://opac.crzp.sk/?fn=detailBiblioForm&sid=9F4BAE23A344452BBD8A41F49028